000
00265nam a2200109Ia 4500
008
190914s9999||||xx |||||||||||||| ||und||
100
_a
Kim H. Pries
245
0
_a
Six Sigma For The Next Millinium
260
_a
New Jersey
_b
Willey
_c
2005
300
_a
223
942
_c
BK
999
_c
9515
_d
9515